000 00583nai a2200181Ia 4500
003 IN-BaIIA
008 211028c9999 xx s 000 0 eng d
022 _a0149-6085 (Print)
022 _a1745-4565 (Online)
040 _cIIA Library
245 0 _aJournal of Food Safety
_h[eJournal]
260 _aNew Jersey
_bJohn Wiley & Sons
310 _aBimonthly
362 _a16(4); 1997 - Present
521 _bSubscribed through National Knowledge Resource Consortium (NKRC)
856 _uhttps://onlinelibrary.wiley.com/journal/17454565
_yClick Here to Access eJournal
942 _cEJ
999 _c35067
_d35067